000 00416nam a2200169Ia 4500
008 090124s9999 xx 000 0 und d
082 _b103692
100 _aराजे शैलजा
245 _a शर्थ
250 _a1
300 _a91
600 _aराजे शैलजा
630 _a शर्थ
700 _aराजे शैलजा
730 _a शर्थ
942 _cBOOK
999 _c149784
_d149784